000 00266nam a2200109Ia 4500
008 240625s9999 xx 000 0 und d
041 _aeng
082 _a658.3 LEN
100 _aLENCIONI PATRICK
245 _aADVANTAGE WHY ORGANIZATIONAL HEALTH TRUM
365 _cRS
_b5
999 _c32816
_d32816